000 00702nam a2200229 i 4500
001 187592
003 ES-MaACL
005 20250809070338.0
008 171204s1981 fr |||| | fra d
020 _a2-253-03060-0
080 _a840-31"19"
100 0 _aBodard, Lucien.
_929686
245 1 0 _aAnne Marie /
_cLucien Bodard.
260 _aParís :
_bGrasset,
_c1981.
300 _a663 p. ;
_c17 cm.
490 1 _aLe Livre de poche ;
_v5701
830 0 3 _aLe livre de poche
_v5701
_9179656
852 _aES-MaACL
_jA-14124
_9194678
_bR.150577
_cDEPO1
_dOlim: N-7124
_hDonación: Carmen Zumárraga
903 _9234648
_aZumárraga, Carmen
_ednr
942 _2udc
_cMONOGRAFIA
999 _c187592
_d187592